| 000 | 02688nkc a22002657a 4500 | ||
|---|---|---|---|
| 001 | 85838 | ||
| 005 | 20260429115546.0 | ||
| 007 | kh bo | ||
| 008 | 260427s1920 sp ||||| |||| |0| i|spa d | ||
| 040 |
_aM-RABA _bspa _cM-RABA |
||
| 245 | 0 | 1 |
_a[Nuño Gonsalves _b: detalles de las pinturas del Altar de San Vicente, en la Catedral de Lisboa] _h[Material gráfico] |
| 260 |
_a: Lisboa _b: Amigos do Museu de Arte Antiga Lisboa _c[ca.1920] |
||
| 300 |
_a6 fotografías _b: reproducción fotomecánica _c; imagen 24 x 17 cm (medidas máximas) _c; imagen 14 x 9 cm (medidas mínimas) |
||
| 500 | 0 | 0 | _aConjunto de 6 fotografías que representan diferentes fragmentos del políptico del siglo XV "La Veneración de San Vicente" realizado por el pintor portugués Nuno Gonçalves para la Catedral de Lisboa. Dichas imágenes son provenientes de la fundación "Amigos do Museu de Arte Antiga de Lisboa"(dos de ellas tienen formato de tarjeta postal (Fot-800, Fot-801). |
| 500 | 0 | 0 | _aInscripciones mecanografiadas al verso que indica título de la obra y autor: Fot-800: "Retratos de Nuno e Joham Gonçalves". Del políptico: "Veneración a San Vicente". Fot-801: "Retrato del Infante D. Enrique". Del político: "Veneración a San Vicente". Fot-802: "Panel del Arzobispo". Del político: "Veneración a San Vicente". Fot-803: "Panel de los pecadores y los caballeros". Del político: "Veneración a San Vicente". Fot-804: "Panel de los frailes y la reliquia". Del político: "Veneración a San Vicente". Fot-805: "Panel de los infantes". Del político: "Veneración a San Vicente". |
| 655 | 7 |
_aFotografías de obras de arte _975675 |
|
| 852 | _jFot-800; Fot-801; Fot-802; Fot-803; Fot-804; Fot-805 | ||
| 856 |
_uhttps://archivoybiblioteca.realacademiabellasartessanfernando.com/cgi-bin/koha/opac-retrieve-file.pl?id=4a588887a7ff2a596da2c2d06c16b0a0 _yFot-800 |
||
| 856 |
_uhttps://archivoybiblioteca.realacademiabellasartessanfernando.com/cgi-bin/koha/opac-retrieve-file.pl?id=bf36902acf01239d82969462a203dd41 _yFot-801 |
||
| 856 |
_uhttps://archivoybiblioteca.realacademiabellasartessanfernando.com/cgi-bin/koha/opac-retrieve-file.pl?id=ffecc4fc76238c58e3588143e12d221c _yFot-802 |
||
| 856 |
_uhttps://archivoybiblioteca.realacademiabellasartessanfernando.com/cgi-bin/koha/opac-retrieve-file.pl?id=78a940c8a0a32f4c738d1cc8f0c9cc17 _yFot-803 |
||
| 856 |
_uhttps://archivoybiblioteca.realacademiabellasartessanfernando.com/cgi-bin/koha/opac-retrieve-file.pl?id=5431251e0fc0a2d241daeaba1de5e3a6 _yFot-804 |
||
| 856 |
_uhttps://archivoybiblioteca.realacademiabellasartessanfernando.com/cgi-bin/koha/opac-retrieve-file.pl?id=2a77a3a9251a333a860e53196fb4392a _yFot-805 |
||
| 942 |
_cFOTOGRAFÍA _n0 |
||
| 999 |
_c85838 _d85838 |
||